Compilers : principles, techniques and tools (Record no. 199965)

MARC details
000 -LEADER
fixed length control field 00433nam a2200157Ia 4500
005 - DATE AND TIME OF LATEST TRANSACTION
control field 20250312114759.0
008 - FIXED-LENGTH DATA ELEMENTS--GENERAL INFORMATION
fixed length control field 231217s9999 xx 000 0 und d
020 ## - INTERNATIONAL STANDARD BOOK NUMBER
International Standard Book Number 9789332518667
082 ## - DEWEY DECIMAL CLASSIFICATION NUMBER
Classification number 001.6425 AHO;82
100 ## - MAIN ENTRY--PERSONAL NAME
Personal name Aho, Alfred V. Lam, Monica S. Sethi, Ravi ...[et al.]
245 #0 - TITLE STATEMENT
Title Compilers : principles, techniques and tools
250 ## - EDITION STATEMENT
Edition statement 2nd ed.
260 ## - PUBLICATION, DISTRIBUTION, ETC. (IMPRINT)
Date of publication, distribution, etc. 2014
Name of publisher, distributor, etc. Pearson
Place of publication, distribution, etc. Noida
300 ## - PHYSICAL DESCRIPTION
Extent 948
942 ## - ADDED ENTRY ELEMENTS (KOHA)
Koha item type Books
Holdings
Date last seen Total Checkouts Full call number Accession number Date checked out Price effective from Category Public note Lost status Damaged status Department Withdrawn status Permanent Location Current Location Shelving location Entry date Grants Currency symbol Conversion rate Discount Discount type
19/04/2024 1 001.6425 AHO;82 93801 02/04/2024 26/01/2024 Books Donated by Pearson     Central Library   Central Library Central Library Central Library 08/03/2023 DONATED RS 1   Rupees

© For any Suggestions or Query, please contact the library staff @ librarian@pes.edu or Phone: +9180 2672 1983/ 2108.